|
|
|
|
| LEADER |
00932nam a2200205 a 4500 |
| 008 |
100731r2001 ii 000 0 eng d |
| 020 |
|
|
|a 8170143772
|
| 040 |
|
|
|a DB-DhAAL
|c DB-DhAAL
|
| 082 |
0 |
4 |
|a 658.4/5
|2 21
|
| 100 |
1 |
|
|a Pal, Rajendra
|
| 245 |
1 |
0 |
|a Essentials of business communication /
|c Rajendra Pal & J.S. Korlahalli.
|
| 260 |
|
|
|a New-Delhi :
|b Sultan Chand & Sons,
|c 2001[reprinted]
|
| 300 |
|
|
|a (various pagings). ;
|c 22 cm.
|
| 541 |
1 |
|
|e 00011534
|
| 650 |
|
0 |
|a Business Communication
|
| 700 |
1 |
|
|a Korlahalli, J.S.
|
| 852 |
4 |
|
|a Ayesha Abed Library
|j General Shelf.
|
| 999 |
|
|
|c 9283
|d 9283
|
| 952 |
|
|
|0 0
|1 0
|2 ddc
|4 0
|6 658_450000000000000_PAL_2001
|7 0
|9 12409
|a BRACUL
|b BRACUL
|c GEN
|d 2010-10-12
|l 4
|m 29
|o 658.45 PAL
|p 3010011534
|r 2025-09-21
|s 2025-06-23
|t 1
|w 2010-10-12
|y BK
|
| 952 |
|
|
|0 0
|1 0
|2 ddc
|4 0
|6 658_450000000000000_PAL_2001
|7 0
|9 12410
|a BRACUL
|b BRACUL
|c GEN
|d 2010-10-12
|l 4
|m 16
|o 658.45 PAL
|p 3010011535
|r 2023-10-25
|s 2023-10-11
|t 2
|w 2010-10-12
|y BK
|